000 00273nam a22001217a 4500
008 170919b xxu||||| |||| 00| 0 eng d
041 _aeng
080 _a7
100 _a44
101 _aART
245 _aCHRISTIE'S REVIEW OF THE SEASON 1983
_cHERBERT,J
942 _2udc
_cBK
999 _c28335
_d28335